000 00869cam a22002891a 4500
001 14176
003 BD-RjUL
005 20211208235602.0
008 140205r1966 nyua b 001 0 eng
035 _a(BD-RjUL)14228
035 _a(OCoLC)1650856
040 _aDLC
_cFMU
_dDNAL
_dNc
_dUk
_dDLC
_dBD-RjUL
_beng
041 _aeng
070 0 _aSB611.K556
072 0 0 _aF900
082 _a632.954
_bKLW 1966
100 1 _aKlingman, Glenn C.
_944272
245 0 0 _aWeed control :
_bas a science /
_cGlenn C. Klingman ; with the editorial assistance of Lyman J. Noordhoff.
260 _aNew York :
_bWiley,
_cc1961 [ Reprinted 1966].
300 _aviii, 421 p. :
_bill. ;
_c24 cm.
504 _aIncludes bibliographies and index.
650 0 _aWeeds
_xControl.
_944273
650 0 _aHerbicides.
_944274
942 _2ddc
_cBK
999 _c14176
_d14176